Textos y escenarios

Сохранить в:
Библиографические подробности
Главный автор: García Pavón, F.
Формат:
Язык:Undetermined
Опубликовано: Madrid, España Plaza & Janes 1971
Предметы:
Метки: Добавить метку
Нет меток, Требуется 1-ая метка записи!

MARC

LEADER 00000nam a2200000Ia 4500
008 170316s9999 xx 000 0 und d
040 |a cru BVZT 
090 |a C-862 G-4t 
100 |a García Pavón, F. 
245 |a Textos y escenarios 
260 |a Madrid, España 
260 |b Plaza & Janes 
260 |c 1971 
300 |a 275 páginas 
650 |a LITERATURA ESPAÑOLA 
650 |a CRÍTICA 
999 |c 13136  |d 13136 
942 |c 15 D  |h C-862 G-4t  |2 z